Loading...
| History - Other | 2 | 2 | 0 | 1 | 50 | 43 | 86.50 | 2 | 3 | 0.00 | 0.00 |
| History - European | 0 | 4 | 0 | 0 | 40 | 87 | 101.75 | 0 | 3 | 0.00 | 0.00 |
| History - American | 0 | 3 | 0 | 1 | 30 | 113 | 125.00 | 0 | 0 | 0.00 | 0.00 |
| Science - Chemistry | 0 | 3 | 0 | 2 | 30 | 122 | 124.67 | 0 | 1 | 0.00 | 0.00 |
| Fine Arts - Other Arts | 1 | 2 | 1 | 0 | 30 | 65 | 85.00 | 0 | 1 | 0.00 | 0.00 |
| History - World | 1 | 2 | 1 | 1 | 30 | 61 | 102.67 | 0 | 1 | 0.00 | 0.00 |
| Social Science | 0 | 2 | 0 | 1 | 20 | 72 | 99.50 | 0 | 0 | 0.00 | 0.00 |
| Beliefs | 0 | 2 | 0 | 1 | 20 | 130 | 135.00 | 0 | 0 | 0.00 | 0.00 |
| Science - Biology | 0 | 2 | 0 | 0 | 20 | 90 | 105.00 | 1 | 1 | 0.00 | 0.00 |
| Literature - American | 1 | 0 | 0 | 0 | 15 | 59 | 59.00 | 1 | 1 | 0.00 | 0.00 |
| History - Ancient | 1 | 0 | 0 | 0 | 15 | 57 | 57.00 | 1 | 1 | 0.00 | 0.00 |
| Literature - World | 0 | 2 | 1 | 0 | 15 | 116 | 119.50 | 0 | 1 | 0.00 | 0.00 |
| Literature - European | 0 | 1 | 0 | 0 | 10 | 121 | 121.00 | 0 | 0 | 0.00 | 0.00 |
| Fine Arts - Classical Music and Opera | 0 | 1 | 0 | 0 | 10 | 86 | 86.00 | 0 | 0 | 0.00 | 0.00 |
| Modern World | 0 | 1 | 0 | 1 | 10 | 141 | 141.00 | 0 | 0 | 0.00 | 0.00 |
| Visual Arts | 0 | 1 | 1 | 0 | 5 | 102 | 102.00 | 1 | 1 | 0.00 | 0.00 |
| Other Academic | 0 | 0 | 1 | 0 | -5 | 0.00 | 0 | 0 | 0.00 | 0.00 | |
| Literature - British | 0 | 0 | 1 | 0 | -5 | 0.00 | 0 | 0 | 0.00 | 0.00 |